• 首页
  • 本馆介绍
  • 公告通知
  • 最新文献
  • 馆藏检索
  • 电子资源
  • 读者导购
  • 参考咨询
  • 我的图书馆
  • 登录
  • 详细信息显示
  • 放入我的书架
  • 预约/预借图书
  • 作者相关作品
  • 分类相关作品
  • 丛书相关作品
  • 出版社相关作品

书目信息

  • 表格格式
  • 工作单格式
  • 卡片格式
题名:
灾害学
    
 
作者: 毛德华 编
分册:  
出版信息: 北京   科学出版社  2011.10
页数: 196页
开本: 29cm
丛书名:
单 册:
中图分类: X4
科图分类:
主题词: 灾害学--高等学校--教材 , 灾害学
电子资源:
ISBN: 978-7-03-032381-1
000 00936nam0 2200265 450
001 010050025190
005 20221010152519.31
010    @a978-7-03-032381-1@dCNY27.00
100    @a20111216d2011 em y0chiy50 ea
101 0  @achi
102    @aCN@b110000
105    @aabk z 000yy
200 1  @a灾害学@9zai hai xue@f毛德华等编
210    @a北京@c科学出版社@d2011.10
215    @a196页@c图,地图@d29cm
300    @a全国普通高等教育师范类地理系列教材
312    @a封面英文题名:Catastrophology
330    @a本书论述了灾害学的理论、原理、方法,同时反映本学科最新进展。全书共8章,主要介绍了灾害与灾害系统等基础知识以及灾害学研究理论体系,并对自然灾害区域分异规律与制度灾害链、灾害风险管理等内容进行了系统的阐述。
510 1  @aCatastrophology@zeng
606 0  @a灾害学@x高等学校@j教材
606 0  @a灾害学
690    @aX4@v4
701  0 @a毛德华@9mao de hua@4编
801  0 @aCN@bRENTIAN@c20111216
905    @b543088-92@dX4@e108@f5
    
    灾害学/毛德华等编.-北京:科学出版社,2011.10
    196页:图,地图;29cm
    全国普通高等教育师范类地理系列教材
    
    ISBN 978-7-03-032381-1:CNY27.00
    本书论述了灾害学的理论、原理、方法,同时反映本学科最新进展。全书共8章,主要介绍了灾害与灾害系统等基础知识以及灾害学研究理论体系,并对自然灾害区域分异规律与制度灾害链、灾害风险管理等内容进行了系统的阐述。
●
相关链接 在E读中查询图书 在五车中查询图书 在当当中查询图书 在豆瓣中查询图书


正题名:灾害学     索取号:X4/108         预约/预借

序号 登录号 条形码 馆藏地/架位号 状态 备注
1 543088   205430880   第二样本阅览室/ [索取号:X4/108] 在馆    
2 543089   205430899   第三借阅区/ [索取号:X4/108] 在馆    
3 543090   205430906   第三借阅区/ [索取号:X4/108] 在馆    
4 543091   205430915   第三借阅区/ [索取号:X4/108] 在馆    
5 543092   205430924   第三借阅区/ [索取号:X4/108] 在馆    
唐山师范学院图书馆 欢迎您!
大连网信软件有限公司© 版权所有